| 000 | 01711nam0a2200337 4500 | ||
|---|---|---|---|
| 001 | RU\NLR\bibl\402016 | ||
| 005 | 20250721120642.0 | ||
| 010 |
_a5-238-00448-6 _93000 |
||
| 021 |
_aRU _b2003-14394 _9673 |
||
| 035 | _a(NLR Aleph) 000396170 | ||
| 090 |
_a546327 _c546327 |
||
| 100 | _a20030523d2002 |||y0rusy50 ca | ||
| 101 | 0 | _arus | |
| 102 | _aRU | ||
| 105 | _ay ||||||||| | ||
| 200 | 1 |
_aАдминистративно-правовые режимы в теории административного права и практике государственного управления правоохранительной деятельностью _fС.С. Маилян _gМоск. ун-т МВД России, Фонд содействия правоохран. органам "Закон и право" |
|
| 210 |
_aМ. _cЮНИТИ _cЗакон и право _d2002 |
||
| 215 |
_a214 с. _d21 |
||
| 311 | _aПрил. к журн. "Вестник" | ||
| 320 | _aБиблиогр.: с. 197-213 (279 назв.) и в подстроч. примеч. | ||
| 422 | 0 |
_12001#$aВестник _tВестник |
|
| 606 | 0 |
_aГосударственное управление _xПравовое регулирование _yРоссийская Федерация _92242886 _3RU\NLR\auth\661345743 |
|
| 606 | 0 |
_aАдминистративное право _yРоссийская Федерация _92077672 _3RU\NLR\auth\661253353 |
|
| 686 | _aХ621 | ||
| 700 | 1 |
_aМаилян _bС. С. _gСамвел Суренович _4070 |
|
| 801 | 0 |
_aRU _bNLR _c20030523 _gPSBO |
|
| 801 | 1 |
_aRU _bNLR _c20030523 |
|
| 830 | _aАвт. раскрыт по кн. | ||
| 942 | _cBOOK | ||
| 980 | _aNB | ||